Fortune 500 Global (UK) Quiz Stats

 Plays Quiz Updated Apr 9, 2019

Score 0/20 Timer 07:00
0 Plays Today
Rank Company % Correct
8BP
65%
336Barclays
54.5%
90HSBC Holdings
49.6%
189Lloyds Banking Group
40.3%
102Tesco
33%
303J. Sainsbury
22.1%
158Vodafone Group
19.5%
377BT Group
19.5%
290GlaxoSmithKline
15.3%
143Aviva
9%
Rank Company % Correct
498BAE Systems
8.8%
50Prudential
7.9%
278Rio Tinto Group
5.5%
453British American Tobacco
4.9%
172Legal & General Group
4.6%
318Centrica
4.6%
265SSE
4.2%
413Compass Group
3.2%
460International Airlines Group
3.1%
449Anglo American
2.8%

You're not logged in!

Compare scores with friends on all Sporcle quizzes.
OR
Log In

Sporcle TV

Today on Sporcle TV


Watch our educational content, quiz creation guides, and fun videos on Sporcle TV.

Show Comments

Extras

Top Quizzes Today


Score Distribution

Your Account Isn't Verified!

In order to create a playlist on Sporcle, you need to verify the email address you used during registration. Go to your Sporcle Settings to finish the process.

Report this User

Report this user for behavior that violates our Community Guidelines.

Details: